000 00366nam a2200145Ia 4500
008 230917s9999||||xx |||||||||||||| ||und||
040 _e45775
_aMAIN
041 _aEnglish
082 _a200.1 S49E
100 _aStewart, David
245 0 _aExploring the philosophy of religion
260 _aNew Jersey
_bPrentice-Hall
_c1980
300 _ax, 404 p.
942 _cBK
999 _c213306
_d213306